Musiques de Squeezie (Hors son album) - Statistiques

Statistiques générales
  • Ce quiz a été pris 412 fois
  • Le résultat moyen est 4 sur 17
Statistiques - réponses
Hint Réponse % Correct
48 M Top 1
84%
62 M Time Time
59%
38 M Bye Bye
56%
68 M Overwatch Rap Battle
40%
46 M Freestyle du dico
34%
39 M Placements de produits
26%
21 M Freestyle de l'autodérision
22%
34 M Freestyle de Twitter
15%
32 M Réponse à Cyprien
11%
11 M Ce petit coté Kawaii
9%
33 M 1990 VS 2000
7%
17 M Freestyle des potes
7%
33 M On s'fait un fifa
6%
16 M On fait la paix
5%
18 M Top 10 des jeux 2017
4%
13 M I feel a man
3%
12 M La Gaming c'est fini
1%
Aucun quiz correspondant
Distribution des résultats
% des personnes avec chaque résultat
Percentile par nombre de réponses
Votre historique - résultats
Vous n’avez pas pris ce quiz